[Event "ITA-ch U20"]
[Site "Tarvisio"]
[Date "2023.07.04"]
[Round "3"]
[White "Spada, Vittoria"]
[Black "Adel, Sarah"]
[Result "1/2-1/2"]
[WhiteElo "1685"]
[BlackElo "1376"]
[PlyCount "80"]
[EventDate "2023.07.02"]
[EventType "swiss"]
[EventRounds "9"]
[EventCountry "ITA"]
[SourceTitle "EXT 2024"]
[Source "ChessBase"]
[SourceDate "2023.10.10"]
[SourceVersion "1"]
[SourceVersionDate "2023.10.10"]
[SourceQuality "1"]

1. d4 Nf6 2. Nf3 e6 3. Bg5 c5 4. e3 d5 5. c3 Nc6 6. Bd3 Qb6 7. Qc2 h6 8. Bf4 Bd7 9. Nbd2 cxd4 10. exd4 Be7 11. 0-0 0-0 12. Rfe1 Rac8 13. Qb3 Qxb3 14. axb3 g5 15. Bg3 Nh5 16. Nf1 g4 17. Ne5 Nxe5 18. Rxe5 Nxg3 19. Nxg3 a6 20. Rae1 Bg5 21. Rf1 f6 22. Re2 e5 23. dxe5 Rce8 24. exf6 Rxe2 25. Nxe2 Rxf6 26. Nd4 Kf7 27. Re1 Bf4 28. g3 Bd6 29. Rd1 Bc5 30. Be2 h5 31. Bf1 Bb5 32. Bxb5 axb5 33. Rd2 b4 34. Nc2 bxc3 35. bxc3 Rf3 36. c4 Rxb3 37. Rxd5 Rc3 38. Rxc5 Rxc2 39. Rc7+ Kg6 40. Rxb7 Rxc4 1/2-1/2

[Event "ITA-ch U20"]
[Site "Tarvisio"]
[Date "2023.07.02"]
[Round "1"]
[White "Sala, Giulia"]
[Black "Adel, Sarah"]
[Result "1-0"]
[WhiteElo "2032"]
[BlackElo "1376"]
[PlyCount "61"]
[EventDate "2023.07.02"]
[EventType "swiss"]
[EventRounds "9"]
[EventCountry "ITA"]
[SourceTitle "EXT 2024"]
[Source "ChessBase"]
[SourceDate "2023.10.10"]
[SourceVersion "1"]
[SourceVersionDate "2023.10.10"]
[SourceQuality "1"]

1. d4 Nf6 2. Nc3 d5 3. Bg5 Bf5 4. Bxf6 gxf6 5. e4 Bxe4 6. Nxe4 dxe4 7. Qe2 c6 8. Qxe4 Qb6 9. 0-0-0 Nd7 10. Bc4 e6 11. Nf3 0-0-0 12. Bb3 Be7 13. Rhe1 f5 14. Qe2 Rhg8 15. g3 Bf6 16. Kb1 Rg4 17. c3 Qc7 18. Qd2 Nc5 19. Bc2 Ne4 20. Bxe4 fxe4 21. h3 Rg6 22. Rxe4 c5 23. Qe2 c4 24. Ne5 Bxe5 25. Rxe5 b6 26. Qe4 Rf6 27. f4 Rg8 28. d5 exd5 29. Rdxd5 Kb8 30. Re8+ Rxe8 31. Qxe8+ 1-0